000 00835nam a22002897a 4500
003 CHAP
005 20220329141604.0
008 971013s1963 r 00010 d
010 _a70591
011 _a71563
035 _a81117
040 _cCHAP
082 _a574.192
_bB35d 1963
100 0 0 _aBaldwin, Ernest.
_99676
245 _aDynamic aspects of biochemistry
250 _a4 ed.
260 _aCambridge :
_bUniversity Press,
_c1963
300 _a554 p.
590 _aBATCH-UPD
_b10
_c20130110
_lUCH01
_h0442
590 _aBATCH-UPD
_b10
_c20130410
_lUCH01
_h0118
590 _aBATCH-UPD
_b10
_c20130914
_lUCH01
_h0527
590 _aCONVERSION
_b10
_c20130109
_lUCH01
_h1339
650 1 4 _aBioquĂ­mica.
_912849
901 _aBK
942 _cLIBRO
949 _a574.192 B35d 1963
_bBC
_cLIBRO
_d33724000470928
_eLIBRO
_h8116
_i81117
_si
999 _c70591
_d70591